La infancia herida /

Guardado en:
Autor Principal: Resta, Eligio
Formato: Desconocido
Idioma:Spanish
Publicado: Buenos Aires : Ad-Hoc, 2008
Edición:1a. ed.
Series:Derecho. Estado y sociedad ; 3
Materias:
Etiquetas: Agregar Etiqueta
Sin Etiquetas, Sea el primero en etiquetar este registro!
LEADER 00519nac a22001815a 4500
001 DER.der007193
008 180615s2008####ag#||||||||||||||#||spa||
005 20260206094501.0
245 1 0 |a La infancia herida /  |c Eligio Resta 
250 |a 1a. ed. 
260 |a Buenos Aires :  |b Ad-Hoc,  |c 2008 
300 |a 112 p. 
490 1 |a Derecho. Estado y sociedad ;  |v 3 
020 |a 9789508946980 
100 1 |a Resta, Eligio 
653 |a DERECHO PENAL 
650 7 |a Régimen penal de la minoridad 
859 |a DERECHO  |b BIB. DERECHO  |h 345  |i RES  |p 005754